Statistics for Largest cities in the least populated countries - Europe

Click here to take the quiz!

General Stats

  • This quiz has been taken 28 times
  • The average score is 10 of 28

Answer Stats

CountryPopulationCity% Correct
🇮🇸236.518Reykjavík
100%
🇪🇪437.817Tallinn
96%
🇱🇺131.910Lëtzebuerg
93%
🇲🇪150.977Podgorica
81%
🇦🇩19.659Andorra la Vella
74%
🇲🇨37.308Monaco
70%
🇪🇪95.190Tartu
52%
🇱🇺36.551Esch-Uelzecht
37%
🇪🇪53.955Narva
37%
🇮🇸20.298Keflavík og Njarðvík
33%
🇪🇪40.228Pärnu
33%
🇮🇸19.573Akureyri
30%
🇲🇹25.807Birkirkara
26%
🇱🇺21.914Diddeleng
22%
🇲🇹23.482Mosta
22%
🇱🇺16.796Déifferdeng
19%
🇪🇪33.499Kohtla-Järve
19%
🇲🇪56.970Nikšić
19%
🇲🇹32.042San Pawl Il-Baħar
19%
🇲🇹19.655Sliema
15%
🇪🇪16.170Maardu
11%
🇪🇪15.141Rakvere
11%
🇪🇪17.245Viljandi
11%
🇲🇹16.804Marsaskala
7%
🇲🇪19.136Pljevlja
7%
🇲🇹16.912Naxxar
4%
🇲🇹18.099Qormi
4%
🇲🇹17.148Żabbar
4%

Score Distribution

Percentile by Number Answered

Percent of People with Each Score

Your Score History

You have not taken this quiz